Word Ladder: Put Another Dime in the Jukebox Quiz Stats

 Plays Quiz Updated Jan 9, 2016

Score 0/24 Timer 03:00
0 Plays Today
Hint 4-Letter Word % Correct
SolitaryLONE
95.4%
Lima or kidney, e.g.BEAN
94.1%
Narrow country roadLANE
94.1%
Bridge or road chargeTOLL
94%
_____, stock, and barrelLOCK
93.6%
Steady musical rhythmBEAT
93.4%
Performer's character or partROLE
93.3%
Song: I [rung 1] _____ n' [rung 12]●ROCK●
91.9%
Australian musician _____ SpringfieldRICK
91.6%
Ingredient in paellaRICE
91.6%
Express with wordsTELL
91.6%
Song: I [rung 1] [rung 7] n' _____●ROLL●
91.3%
Hint 4-Letter Word % Correct
Deficiency or absenceLACK
89.9%
Annoy or irritate RILE
89%
Cut or knock downFELL
88%
Long and leanLANK
87.7%
Matted wool fabricFELT
87.2%
Song: I _____ [rung 7] n' [rung 12]●LOVE●
86.7%
Surpassing all othersBEST
84.6%
Playful remark; jokeJEST
82.6%
Star Wars character: Boba _____FETT
80.6%
Stapleton or SmartJEAN
80.2%
Singer of this song: [rung 24] + _____●JETT●
75.6%
Singer of this song: _____ + [rung 18]●JOAN●
72%

Today's Daily Dose

Missing Word
Directed by Peter

Word Ladder
Blink-182

Quick Pick
Eagles Songs

Get the Picture
NFC West Profiles

You're not logged in!

Compare scores with friends on all Sporcle quizzes.
OR
Log In

Show Comments

Extras

Top Quizzes Today


Score Distribution

Your Account Isn't Verified!

In order to create a playlist on Sporcle, you need to verify the email address you used during registration. Go to your Sporcle Settings to finish the process.

Report this User

Report this user for behavior that violates our Community Guidelines.

Details: